Abitudini sessuali dell'uomo /

Uloženo v:
Podrobná bibliografie
Další autoři: Deutsch, Albert, Havighurst, Robert J., Stone, Abraham, Knight, Robert P., Folsom, Joseph K., Kluckhohn, Clyde, Crespi, Leo, Ploscowe, Morris, Field, Alice Withrow, Hiltner, Scward, Wilber, Charles G., Newman, Louis I., Lindner, Robert M., Gruenberg, Sidonie Matsner
Médium: Kniha
Jazyk:italština
Vydáno: [Milano] : Garzanti, 1949
Edice:Piccola collana scientifica. Ser. 3
Témata:
Tagy: Přidat tag
Žádné tagy, Buďte první, kdo vytvoří štítek k tomuto záznamu!

MARC

LEADER 00000nam a22000007i 4500
001 IT\ICCU\PUV\0253443
003 ItRI
005 20251002115321.0
008 951118s1949 it |||||| ||||| |||||c
040 |b ita  |c ct 
041 7 |a ita  |2 ISO-639-2 
082 |a 306.7  |2 19 
130 0 |a Sex habits of american men 
245 0 0 |a Abitudini sessuali dell'uomo /  |c Robert J. Havighurst ...[et al.] ; a cura di Albert Deutsch. 
260 |a [Milano] :  |b Garzanti,  |c 1949 
300 |a 291 p. ;  |c 20 cm. 
650 7 |a Sesso 
650 7 |a Uomo  |x Comportamento sessuale 
650 7 |a Kinsey, Alfred Charles  |2 scbi 
700 1 |a Deutsch, Albert  |0 IT\ICCU\SBLV\106011 
700 1 |a Havighurst, Robert J.  |0 IT\ICCU\VEAV\031532 
700 |a Stone, Abraham 
700 |a Knight, Robert P. 
700 |a Folsom, Joseph K. 
700 |a Kluckhohn, Clyde 
700 |a Crespi, Leo 
700 |a Ploscowe, Morris 
700 |a Field, Alice Withrow 
700 |a Hiltner, Scward 
700 |a Wilber, Charles G. 
700 |a Newman, Louis I. 
700 |a Lindner, Robert M. 
700 |a Gruenberg, Sidonie Matsner 
830 0 |a Piccola collana scientifica. Ser. 3  |0 IT\ICCU\CUB\0336982 
942 |2 ddc  |c BK 
952 |0 0  |1 0  |2 ddc  |4 0  |6 B_SSA04DEUALABI11  |7 0  |9 7501  |a MI  |b MI  |d 2011-04-04  |i 5328  |l 0  |o B-SSA04-DEUAL-ABI11  |p CDOM5328  |r 2025-07-13 16:28:00  |w 2025-07-13  |x DONO  |y BK 
999 |c 6194  |d 6194